| 000 | 00835nam a22002177a 4500 | ||
|---|---|---|---|
| 003 | OSt | ||
| 005 | 20151026133603.0 | ||
| 008 | 130715s2013 sp ||||| |||| 00| 0 spa d | ||
| 040 | _cCDMR | ||
| 100 | 1 |
_93938 _aBellón Rodríguez, Ana |
|
| 245 | 1 | 0 |
_a20 Minutos _b: tres productos y un modelo de redacción _cAna Bellón Rodríguez _h[recurs electrònic] |
| 260 |
_c2013 _aSantiago de Compostela |
||
| 502 |
_aTesi doctoral defensada el dia 12 de març de 2013 _cUniversidade de Santiago de Compostela |
||
| 610 | 2 |
_93939 _a20 minutos (Diari) |
|
| 650 | 0 | 4 |
_93940 _aPremsa gratuïta |
| 650 | 0 | 4 |
_9311 _aEmpreses periodístiques |
| 650 | 0 | 4 |
_92994 _aTesis i dissertacions acadèmiques |
| 710 | 2 |
_93681 _aUniversidade de Santiago de Compostela |
|
| 856 | 4 | 0 |
_uhttp://hdl.handle.net/10347/7505 _yDisponible en línia (USC) |
| 942 |
_2udc _cTSN-E |
||
| 999 |
_c6591 _d6591 |
||